Annual report 1996

שמור ב:
מידע ביבליוגרפי
מחבר ראשי: GRDC
פורמט: ספר
שפה:Undetermined
יצא לאור: GRDC 1996
נושאים:
תגים: הוספת תג
אין תגיות, היה/י הראשונ/ה לתייג את הרשומה!
Thư viện lưu trữ: Trung tâm Học liệu Trường Đại học Cần Thơ
LEADER 00431nam a2200169Ia 4500
001 CTU_34368
008 210402s9999 xx 000 0 und d
082 |a 338.19 
082 |b G785/1996 
100 |a GRDC 
245 0 |a Annual report 1996 
245 0 |c GRDC 
260 |b GRDC 
260 |c 1996 
650 |a food supply 
904 |i Nguyễn Quang Điền, 991206 
980 |a Trung tâm Học liệu Trường Đại học Cần Thơ